000 00860nab a2200253uu 4500
001 13879
003 HDC
007 cr aa aaaau
008 210213p2004 my ||||| |||| 00| 0 eng d
040 _aHDC
100 _aKanga, Rani Selvaduray
_eauthor
_914546
245 0 _aAntioxidants and Prostate Cancer / by
_cKanga Rani Selvaduray
260 _aKuala Lumpur :
_bMalaysian Palm Oil Board,
_c2004
300 _a1 online resource ( 8 pages )
336 _atext
_2rdacontent
337 _acomputer
_2rdamedia
338 _aonline resource
_2rdacarrier
650 _aAntioxidants
_914548
650 _aProstate Cancer
_914547
856 _zRequest full-text at [email protected]
942 _2lcc
942 _cAR
942 _kJART 003357
999 _c11195
_d11195